The four Ps... another piece of the jigsaw (Record no. 74685)

MARC details
000 -LEADER
fixed length control field 00987cab a2200253 4500
001 - CONTROL NUMBER
control field ABS68590
008 - FIXED-LENGTH DATA ELEMENTS--GENERAL INFORMATION
fixed length control field 041220n2004 000 0 eng u
035 ## - SYSTEM CONTROL NUMBER
System control number (Sirsi) u128368
100 ## - MAIN ENTRY--PERSONAL NAME
Personal name Cunningham, C.
245 #4 - TITLE STATEMENT
Title The four Ps... another piece of the jigsaw
260 ## - PUBLICATION, DISTRIBUTION, ETC.
Date of publication, distribution, etc. 2004
490 ## - SERIES STATEMENT
Series statement Wastes Management
Volume/sequential designation December 2004, 28-30(3)
520 ## - SUMMARY, ETC.
Summary, etc. The Waste Management Procurement Pack, was issued by the Public Private Partnerships Programme (4Ps) in July 2004. The pack, including guidance, is designed to make waste management projects under the private finance initiative easier for local authorities and private sector bidders.
590 ## - LOCAL NOTE (RLIN)
Local note ABS
650 ## - SUBJECT ADDED ENTRY--TOPICAL TERM
Topical term or geographic name entry element WASTE MANAGEMENT PROCUREMENT PACK
650 ## - SUBJECT ADDED ENTRY--TOPICAL TERM
Topical term or geographic name entry element WASTE MANAGEMENT PROJECTS
650 ## - SUBJECT ADDED ENTRY--TOPICAL TERM
Topical term or geographic name entry element PFI
650 ## - SUBJECT ADDED ENTRY--TOPICAL TERM
Topical term or geographic name entry element PUBLIC PRIVATE PARTNERSHIPS
650 ## - SUBJECT ADDED ENTRY--TOPICAL TERM
Topical term or geographic name entry element LOCAL AUTHORITIES
650 ## - SUBJECT ADDED ENTRY--TOPICAL TERM
Topical term or geographic name entry element PRIVATE SECTOR
690 ## - LOCAL SUBJECT ADDED ENTRY--TOPICAL TERM (OCLC, RLIN)
Topical term or geographic name as entry element ENVIRONMENTAL AND LAND CONSULTANCY-WASTE MANAGEMENT
700 ## - ADDED ENTRY--PERSONAL NAME
Personal name Charles, S.
942 ## - ADDED ENTRY ELEMENTS (KOHA)
Suppress in OPAC 0
Holdings
Withdrawn status Lost status Source of classification or shelving scheme Damaged status Not for loan Home library Current library Shelving location Date acquired Total Checkouts Full call number Barcode Date last seen Copy number Price effective from Koha item type
    Dewey Decimal Classification     London London Journal article 20/12/2004   ABS68590 128368-1001 06/08/2019 1 06/08/2019 Journal article